000 01310cam a22003737i 4500
999 _c8670
_d8670
020 _a1455741655
020 _a9781455741656
035 _a(OCoLC)ocn858731327
042 _anlmcopyc
_alccopycat
060 0 0 _aQY 90
_bB973t 2015
082 0 4 _a616.07/56
_223
_bTIE
100 _aBurtis, Carl A., (ed)
245 0 0 _aTietz fundamentals of clinical chemistry and molecular diagnostics /
250 _aSeventh edition.
264 1 _aSt. Louis, Missouri :
_bElsevier/Saunders,
_c[2015]
300 _axxii, 1075 pages :
_billustrations (some color) ;
_c29 cm.
336 _astill image
_2rdacontent
336 _atext
_2rdacontent
337 _aunmediated
_2rdamedia
338 _avolume
_2rdacarrier
504 _aIncludes bibliographical references and index.
650 0 _aDPT
_vClinical chemistry.
650 0 _aTherapy
_vMolecular diagnosis.
650 1 2 _aChemistry, Clinical.
650 7 _aClinical chemistry.
_0(OCoLC)fst00864330
650 7 _aMolecular diagnosis.
_0(OCoLC)fst01024777
_vIMDC
700 1 _aBurtis, Carl A.,
700 1 _aBruns, David E.,
700 1 _aSawyer, Barbara G.,
700 1 _aTietz, Norbert W.,
906 _a7
_bcbc
_ccopycat
_d2
_encip
_f20
_gy-gencatlg
942 _2ddc
_cBK